[Event "Mechanics' Spring TNM; 30/90, SD/30"]
[Site "San Francisco"]
[Date "2012.04.17"]
[Round "6.21"]
[White "Ledford, Steven"]
[Black "Langrog, Alex"]
[Result "1/2-1/2"]
[WhiteElo "1944"]
[BlackElo "807"]
[Annotator "Donaldson"]
[PlyCount "61"]
[EventDate "2012.??.??"]

1. f4 Nc6 2. Nf3 d6 3. d4 Bg4 4. Nbd2 Nf6 5. e3 Nd5 6. Nb3 Bxf3 7. Qxf3 Ncb4 8.
Qd1 Qd7 9. a3 Qa4 $4 10. axb4 Qxb4+ 11. Bd2 Qb6 12. Bd3 e6 13. Qe2 a6 14. O-O
Rc8 15. e4 Nb4 16. Bxb4 Qxb4 17. f5 e5 18. d5 Be7 19. Rf3 Bg5 20. Kh1 h5 21.
Qd1 Qb6 22. c3 h4 23. Bc2 Bf4 24. c4 Ke7 25. Qf1 f6 26. Rxf4 exf4 27. Qxf4 Rcg8
28. e5 dxe5 29. Qg4 Qf2 30. Qf3 {
This looks like it loses a piece but appearances are deceptive!} Qxc2 31. d6+ {
and White is winning! Except, he offered a draw, perhaps because he had not
intended to sacrifice a piece.} 1/2-1/2

[Event "Mechanics' Spring TNM; 30/90, SD/30"]
[Site "San Francisco"]
[Date "2012.03.20"]
[Round "2.5"]
[White "Ledford, Steven"]
[Black "Lopez, Jorge"]
[Result "0-1"]
[WhiteElo "1944"]
[BlackElo "2182"]
[PlyCount "102"]
[EventDate "2012.??.??"]

1. c4 g6 2. d4 Nf6 3. Nc3 d5 4. Qb3 dxc4 5. Qxc4 Bg7 6. Bf4 c6 7. e4 O-O 8. Be2
Na6 9. Nf3 Be6 10. Qd3 b5 11. O-O Bc4 12. Qd2 Bxe2 13. Qxe2 Qb6 14. a4 b4 15.
a5 Qb7 16. Na4 Qb5 17. Rfe1 Rac8 18. Nc5 Nxc5 19. dxc5 Nd7 20. e5 Qxe2 21. Rxe2
Nxc5 22. Rc1 Nd3 23. Rc4 Nxf4 24. Rxf4 c5 25. b3 Rfd8 26. g3 Rd3 27. Re3 Rxe3
28. fxe3 Bh6 29. Rc4 Rd8 30. Kf1 Rd3 31. Rxc5 Bxe3 32. Rb5 Rxb3 33. Ke2 e6 34.
Ne1 Bg1 35. Nf3 Re3+ 36. Kf1 Rxf3+ 37. Kxg1 Ra3 38. Kg2 a6 39. Rxb4 Rxa5 40.
Re4 Ra3 41. g4 g5 42. Re2 Kg7 43. Re4 a5 44. Re2 a4 45. Re4 h6 46. Re2 Rb3 47.
Re4 a3 48. Ra4 Kg6 49. Ra5 h5 50. h3 h4 51. Ra6 Rb2+ 0-1

[Event "Mechanics' Spring TNM; 30/90, SD/30"]
[Site "San Francisco"]
[Date "2012.04.03"]
[Round "4.11"]
[White "Ledford, Steven"]
[Black "Melville, Cailen"]
[Result "0-1"]
[WhiteElo "1944"]
[BlackElo "1757"]
[PlyCount "96"]
[EventDate "2012.??.??"]

1. c4 b6 2. d4 e6 3. Nc3 Bb7 4. Nf3 Bb4 5. Bf4 Nf6 6. e3 Nh5 7. Bg5 f6 8. Bh4
g6 9. Bd3 Nc6 10. Qc2 Qe7 11. O-O-O Bxc3 12. Qxc3 d5 13. cxd5 Nb4 14. Bb5+ Kf8
15. Bc4 a5 16. a3 b5 17. axb4 axb4 18. Qb3 bxc4 19. Qxc4 Ra5 20. Kd2 Bxd5 21.
Qc2 Kg7 22. Rc1 c6 23. e4 b3 24. Qc3 Bxe4 25. Qxb3 Nf4 26. Ne5 Rxe5 27. dxe5
Rd8+ 28. Ke3 Nxg2+ 29. Kxe4 f5+ 30. Kf3 Nxh4+ 31. Ke2 Qg5 32. Rhd1 Qg4+ 33. Kf1
Qg2+ 34. Ke2 Qe4+ 35. Qe3 Qg4+ 36. f3 Qg2+ 37. Qf2 Rb8 38. Rd7+ Kh6 39. Rc2 Qg5
40. Qg3 Qh5 41. Re7 Rb4 42. Rxe6 Nxf3 43. Qxf3 Re4+ 44. Kf2 Qxh2+ 45. Qg2 Qh4+
46. Qg3 Rf4+ 47. Kg2 Rg4 48. Rc3 f4 0-1

[Event "Mechanics' Winter TNM; 30/90, SD/30"]
[Site "San Francisco"]
[Date "2012.01.10"]
[Round "2.7"]
[White "Ledford, Steven"]
[Black "Sherwood, Peter"]
[Result "1-0"]
[WhiteElo "1957"]
[BlackElo "1769"]
[PlyCount "67"]
[EventDate "2012.??.??"]

1. c4 Nf6 2. Nc3 e5 3. Nf3 Nc6 4. e4 d6 5. Be2 Be7 6. h3 O-O 7. d4 exd4 8. Nxd4
Nxd4 9. Qxd4 Re8 10. Be3 c5 11. Qd2 Nd7 12. O-O Nf6 13. Rad1 Be6 14. Bf4 Qb6
15. Qe3 Red8 16. b3 a6 17. Nd5 Nxd5 18. exd5 Bf5 19. g4 Bg6 20. Qxe7 Re8 21.
Qxd6 Qxd6 22. Bxd6 Rxe2 23. Bxc5 f5 24. d6 Ree8 25. d7 Red8 26. Rfe1 fxg4 27.
hxg4 h5 28. Bb6 hxg4 29. Bxd8 Rxd8 30. Re7 Kf8 31. Rde1 Bf7 32. c5 Bg6 33. b4
Bf7 34. a4 1-0

[Event "Mechanics' Summer TNM; 30/90, SD/30"]
[Site "San Francisco"]
[Date "2012.06.05"]
[Round "3.2"]
[White "Ledford, Steven"]
[Black "Thornally, Frank"]
[Result "1/2-1/2"]
[WhiteElo "1924"]
[BlackElo "2205"]
[PlyCount "50"]
[EventDate "2012.??.??"]

1. b3 g6 2. Bb2 Nf6 3. g3 Bg7 4. Bg2 c5 5. Nf3 Nc6 6. c4 O-O 7. O-O d6 8. d3
Bd7 9. Nc3 Qc8 10. Qd2 Bh3 11. d4 Bxg2 12. Kxg2 cxd4 13. Nxd4 Qg4 14. Nxc6 bxc6
15. f3 Qe6 16. e4 h5 17. h4 Kh7 18. Rae1 Bh6 19. f4 Nd7 20. Qe2 f6 21. Bc1 Rg8
22. Kh2 Qf7 23. e5 Qf8 24. exd6 exd6 25. Qe7+ Rg7 1/2-1/2

[Event "Mechanics' Summer TNM; 30/90, SD/30"]
[Site "San Francisco"]
[Date "2012.07.10"]
[Round "8.10"]
[White "Ledford, Steven"]
[Black "Watson, Farid"]
[Result "0-1"]
[WhiteElo "1924"]
[BlackElo "2046"]
[PlyCount "94"]
[EventDate "2012.??.??"]

1. Nf3 c5 2. c4 g6 3. d4 cxd4 4. Nxd4 Bg7 5. e4 Nc6 6. Nxc6 bxc6 7. Nc3 d6 8.
Be3 Qa5 9. Qd2 Nf6 10. Be2 O-O 11. O-O Rd8 12. a3 Be6 13. f3 Nd7 14. b4 Qc7 15.
Rac1 Nb6 16. Nd5 Qb7 (16... cxd5 17. cxd5 Qb7 18. b5) 17. Nf4 d5 18. cxd5 cxd5
19. Nxe6 fxe6 20. Qa2 Rac8 21. Rfd1 Na4 22. Rxc8 Rxc8 23. Bd4 Bxd4+ 24. Rxd4
Nc3 25. Qd2 Nxe2+ 26. Qxe2 Qb6 27. Qe3 e5 28. Rd3 Qxe3+ 29. Rxe3 d4 30. Re2 Rc3
31. a4 Kf7 32. b5 Ra3 33. Rb2 Rxa4 34. b6 axb6 35. Rxb6 Ra2 36. h4 Rc2 37. Rb3
h6 38. Kf1 Kf6 39. Rd3 g5 40. hxg5+ Kxg5 41. g3 h5 42. Rd1 h4 43. gxh4+ Kxh4
44. f4 exf4 45. Rxd4 Kg3 46. Rd3+ f3 47. Rd1 Rh2 0-1

[Event "Mechanics' Summer TNM; 30/90, SD/30"]
[Site "San Francisco"]
[Date "2012.05.29"]
[Round "2.1"]
[White "Lee, Andy"]
[Black "Anderson, Michael"]
[Result "1-0"]
[WhiteElo "2305"]
[BlackElo "1900"]
[PlyCount "66"]
[EventDate "2012.??.??"]

1. e4 c5 2. Nf3 Nc6 3. d4 cxd4 4. Nxd4 e6 5. Be3 a6 6. Bd3 Nge7 7. O-O Nxd4 8.
Bxd4 Nc6 9. Bc3 b5 10. a3 Bb7 11. Nd2 Qc7 12. Qh5 d6 13. Nf3 O-O-O 14. b4 g6
15. Qh3 Ne5 16. Bxe5 dxe5 17. a4 Bxb4 18. axb5 a5 19. b6 Qc5 20. Ng5 Qe7 21.
Qe3 f6 22. Nf3 g5 23. Nd2 f5 24. Nb3 f4 25. Qe2 g4 26. Ba6 f3 27. Qc4+ Kb8 28.
Bxb7 Qxb7 29. Nxa5 Bxa5 30. Rxa5 fxg2 31. Rfa1 Rd7 32. Ra8+ Qxa8 33. Rxa8+ Kxa8
1-0

[Event "Mechanics' Spring TNM; 30/90, SD/30"]
[Site "San Francisco"]
[Date "2012.03.27"]
[Round "3.6"]
[White "Lee, Andy"]
[Black "Anderson, Michael"]
[Result "1-0"]
[WhiteElo "2279"]
[BlackElo "1908"]
[PlyCount "45"]
[EventDate "2012.??.??"]

1. d4 Nf6 2. c4 e6 3. Nc3 b6 4. e4 Bb4 5. Bd3 Bb7 6. Qc2 Bxc3+ 7. bxc3 d5 8.
cxd5 exd5 9. e5 Qe7 10. Bg5 h6 11. Bh4 g5 12. Bg3 Nbd7 13. Ne2 Nh5 14. O-O
O-O-O 15. a4 a6 16. c4 Nb8 17. Bf5+ Nd7 18. cxd5 Nxg3 19. d6 Nxe2+ 20. Kh1
Bxg2+ 21. Kxg2 Nf4+ 22. Kh1 Nd5 23. dxe7 1-0

[Event "Mechanics' Fall TNM; 30/90, SD/30"]
[Site "San Francisco"]
[Date "2012.10.30"]
[Round "3.6"]
[White "Lee, Andy"]
[Black "Delaney, Will"]
[Result "1-0"]
[WhiteElo "2291"]
[BlackElo "1800"]
[PlyCount "45"]
[EventDate "2012.??.??"]

1. e4 e5 2. Nf3 Nc6 3. Bb5 a6 4. Ba4 Nf6 5. O-O Be7 6. Re1 d6 7. c3 O-O 8. h3
Bd7 9. d4 h6 10. d5 Nb8 11. c4 Qc8 12. Nc3 Bxh3 13. gxh3 Qxh3 14. Nh2 g5 15.
Re3 Qh4 16. Qf1 g4 17. Rg3 Kh7 18. Qg2 Rg8 19. Nd1 h5 20. Ne3 Nfd7 21. Qh1 Bf8
22. Nf5 Qd8 23. Nxg4 1-0

[Event "Mechanics' Spring TNM; 30/90, SD/30"]
[Site "San Francisco"]
[Date "2012.04.24"]
[Round "7.1"]
[White "Lee, Andy"]
[Black "Fuentes, Romulo"]
[Result "1/2-1/2"]
[WhiteElo "2279"]
[BlackElo "2205"]
[PlyCount "109"]
[EventDate "2012.??.??"]

1. d4 Nf6 2. c4 e6 3. Nc3 c5 4. d5 exd5 5. cxd5 Bd6 6. Nf3 O-O 7. Bg5 Re8 8. e3
h6 9. Bh4 a6 10. a4 Bf8 11. d6 Re6 12. Bc4 Rxd6 13. Qb3 Re6 14. Bxe6 dxe6 15.
Rd1 Nbd7 16. O-O Qa5 17. e4 Qb4 18. Qc2 b5 19. axb5 axb5 20. Rfe1 Bb7 21. Qe2
c4 22. e5 Nd5 23. Nxd5 Bxd5 24. Rxd5 exd5 25. e6 Nf6 26. Bxf6 gxf6 27. e7 Qxe7
28. Qxe7 Bxe7 29. Rxe7 Ra2 30. Re2 d4 31. g4 d3 32. Rd2 b4 33. Kg2 b3 34. Nd4
c3 35. Rxd3 c2 36. Nxb3 Rxb2 37. Rd2 Rxb3 38. Rxc2 Kg7 39. Rc5 Rb4 40. Kg3 Re4
41. f3 Re1 42. h4 Ra1 43. Kf4 Rh1 44. h5 Re1 45. Kf5 Re3 46. Kf4 Re7 47. Rc3
Re5 48. Rc4 Rg5 49. Ke3 f5 50. Kf4 fxg4 51. fxg4 Ra5 52. Re4 Ra1 53. Kf5 Ra5+
54. Re5 Ra1 55. Re4 1/2-1/2

[Event "Mechanics' Spring TNM; 30/90, SD/30"]
[Site "San Francisco"]
[Date "2012.04.17"]
[Round "6.2"]
[White "Lee, Andy"]
[Black "Gaffagan, Steven"]
[Result "1-0"]
[WhiteElo "2279"]
[BlackElo "2024"]
[PlyCount "127"]
[EventDate "2012.??.??"]

1. e4 c6 2. d4 d5 3. exd5 cxd5 4. c4 Nf6 5. Nc3 g6 6. cxd5 Bg7 7. Bc4 O-O 8.
Nge2 Nbd7 9. Bb3 Nb6 10. Nf4 Bf5 11. O-O Rc8 12. Qe2 a6 13. Re1 Rc7 14. h3 h5
15. Qf3 Qd7 16. a4 Nc4 17. d6 Nxd6 18. Nfd5 Nxd5 19. Nxd5 Be4 20. Rxe4 Rxc1+
21. Rxc1 Nxe4 22. Qxe4 e6 23. Nf4 Qxd4 24. Qxd4 Bxd4 25. Nd3 b5 26. Kf1 Rb8 27.
a5 Ra8 28. Rc6 Bf6 29. Ba2 b4 30. Bc4 Bd8 31. Nxb4 Bxa5 32. Rxa6 Rb8 33. Nc6
Rxb2 34. Rxa5 Rb6 35. Ne5 Rb7 36. Ke2 Kg7 37. f4 Rc7 38. Kd3 Kf6 39. Nf3 Rd7+
40. Nd4 Kg7 41. g4 hxg4 42. hxg4 Rb7 43. Ke4 f5+ 44. gxf5 exf5+ 45. Nxf5+ gxf5+
46. Kxf5 Rb4 47. Ra7+ Kh8 48. Rc7 Rb7 49. Rc6 Rc7 50. Rh6+ Kg7 51. Rg6+ Kh7 52.
Bg8+ Kh8 53. Be6 Kh7 54. Kg5 Rc1 55. f5 Rg1+ 56. Kf6 Rf1 57. Rg3 Rh1 58. Ke7
Ra1 59. Rh3+ Kg7 60. f6+ Kg6 61. Rg3+ Kh7 62. f7 Rf1 63. f8=Q Rf7+ 64. Qxf7+
1-0

[Event "Mechanics' Fall TNM; 30/90, SD/30"]
[Site "San Francisco"]
[Date "2012.11.13"]
[Round "5.2"]
[White "Lee, Andy"]
[Black "Grey, Peter"]
[Result "1/2-1/2"]
[WhiteElo "2291"]
[BlackElo "2000"]
[PlyCount "113"]
[EventDate "2012.??.??"]

1. e4 e5 2. Nf3 Nc6 3. Bb5 a6 4. Ba4 Nf6 5. O-O Nxe4 6. d4 b5 7. Bb3 d5 8. dxe5
Be6 9. Qe2 Be7 10. Rd1 O-O 11. c4 bxc4 12. Bxc4 Bc5 13. Be3 Bxe3 14. Qxe3 Qb8
15. Bb3 Na5 16. Nbd2 Qa7 17. Nd4 Nxd2 18. Qxd2 Nxb3 19. Nxb3 c5 20. Rac1 Rac8
21. Qg5 c4 22. Nd4 Rc5 23. Qd2 Qb6 24. h3 f6 25. Qe3 Rcc8 26. Re1 Rce8 27. Qd2
fxe5 28. Rxe5 Bf7 29. Rce1 Rxe5 30. Rxe5 Re8 31. Rxe8+ Bxe8 32. Nf5 Bf7 33. Qc3
Qf6 34. Qxf6 gxf6 35. f4 Kf8 36. Nd4 Ke7 37. Kf2 Kd6 38. Ke3 h5 39. g4 hxg4 40.
hxg4 Kc5 41. Ne2 a5 42. a3 Be6 43. f5 Bd7 44. Nd4 Bc8 45. b3 Bd7 46. bxc4 dxc4
47. Ne2 Kd5 48. Nf4+ Ke5 49. Ng6+ Kd5 50. Ne7+ Ke5 51. Ng6+ Kd5 52. Nf4+ Ke5
53. Nh5 Be8 54. Ng3 Bc6 55. Ne2 Be8 56. Nd4 Bd7 57. Nf3+ 1/2-1/2

[Event "Mechanics' Summer TNM; 30/90, SD/30"]
[Site "San Francisco"]
[Date "2012.07.03"]
[Round "7.4"]
[White "Lee, Andy"]
[Black "Klinetobe, David"]
[Result "1-0"]
[WhiteElo "2305"]
[BlackElo "2053"]
[PlyCount "51"]
[EventDate "2012.??.??"]

1. e4 e6 2. d4 d5 3. Nc3 Bb4 4. e5 c5 5. a3 Bxc3+ 6. bxc3 Qc7 7. Nf3 b6 8. a4
Ba6 9. Bxa6 Nxa6 10. a5 b5 11. O-O c4 12. Ng5 h5 13. Qf3 Nh6 14. Qxh5 O-O-O 15.
Ba3 Qd7 16. Qe2 Rde8 17. Rfb1 Nc7 18. a6 Nxa6 19. Bd6 Nb8 20. Ne4 Nf5 (20...
dxe4 21. Qxc4+ Qc6 22. Qxb5 Qxb5 23. Rxb5 Nc6 24. Ra6 Kd8 25. Rxc6 {
and mate in 2}) 21. Nc5 Qc6 22. Bxb8 Kxb8 23. Ra6 Qc8 24. Rxb5+ Ka8 25. Rxa7+
Kxa7 26. Qd1 1-0

[Event "Mechanics' Summer TNM; 30/90, SD/30"]
[Site "San Francisco"]
[Date "2012.06.12"]
[Round "4.1"]
[White "Lee, Andy"]
[Black "Ochoa, Jason"]
[Result "1-0"]
[WhiteElo "2305"]
[BlackElo "1900"]
[PlyCount "59"]
[EventDate "2012.??.??"]

1. e4 g6 2. d4 Bg7 3. Nc3 d6 4. Be3 Nd7 5. Qd2 b6 6. Nf3 Bb7 7. Bc4 e6 8. O-O-O
h6 9. Rhe1 Ngf6 10. e5 Ng4 11. exd6 Nxe3 12. Qxe3 O-O 13. Ne5 cxd6 14. Nxf7
Rxf7 15. Qxe6 Qg5+ 16. Kb1 d5 17. Nxd5 Raf8 18. Ne7+ Kh7 19. Qxd7 Bxg2 20. Bxf7
Rxf7 21. Qe6 Rf8 22. d5 Qh5 23. d6 Bh3 24. Qc4 b5 25. Qc7 Rxf2 26. d7 Bxd7 27.
Qxd7 Qc5 28. Qd3 Qb4 29. Qxg6+ Kh8 30. Rd8+ 1-0

[Event "Mechanics' Fall TNM; 30/90, SD/30"]
[Site "San Francisco"]
[Date "2012.11.27"]
[Round "7.3"]
[White "Lee, Andy"]
[Black "Traub, Igor"]
[Result "1-0"]
[WhiteElo "2291"]
[BlackElo "2118"]
[PlyCount "121"]
[EventDate "2012.??.??"]

1. e4 e6 2. d4 d5 3. Nc3 Bb4 4. e5 c5 5. a3 Bxc3+ 6. bxc3 Nc6 7. Nf3 Nge7 8. a4
Qa5 9. Bd2 Qc7 10. Bb5 O-O 11. O-O Bd7 12. Re1 b6 13. Bd3 Nf5 14. g4 Nfe7 15.
Ng5 Ng6 16. Re3 c4 17. Bxg6 fxg6 18. Rg3 h6 19. Nh3 a6 20. Qc1 Kh7 21. Qa3 Rf7
22. Rb1 Rb8 23. Kg2 Ne7 24. Qd6 Qxd6 25. exd6 Nc8 26. Bf4 Rxf4 27. Nxf4 g5 28.
Nh5 a5 29. f4 Nxd6 30. fxg5 hxg5 31. Re3 Ne4 32. Ng3 Bxa4 33. Nxe4 dxe4 34. Re2
Bc6 35. Rf1 Kg6 36. Kg3 Rh8 37. Ref2 Rc8 38. Rf7 e3 39. Re7 Bd5 40. Re1 Rf8 41.
Rxe3 Rf1 42. R3xe6+ Bxe6 43. Rxe6+ Kf7 44. Rxb6 Re1 45. Kf3 Re6 46. Rxe6 Kxe6
47. Ke3 Kd5 48. Kd2 Kc6 49. Kc1 Kb6 50. Kb2 Kc6 51. Ka3 Kb5 52. h3 g6 53. d5
Kc5 54. Ka4 Kxd5 55. Kxa5 Ke4 56. Kb4 Kf3 57. Kxc4 Kg3 58. Kd5 Kxh3 59. c4 Kxg4
60. c5 Kf3 61. c6 1-0

[Event "Mechanics' Mar TNM; 30/90, SD/30"]
[Site "San Francisco"]
[Date "2012.08.28"]
[Round "5.6"]
[White "Lin, Michael"]
[Black "Anderson, Michael"]
[Result "1-0"]
[WhiteElo "2054"]
[BlackElo "1905"]
[Annotator "Winslow,Elliott"]
[PlyCount "81"]
[EventDate "2012.??.??"]

1. e4 c5 2. Nf3 Nc6 3. d4 cxd4 4. Nxd4 a6 5. Nc3 e6 6. Be3 Nge7 7. Nb3 b5 8. a4
b4 9. a5 Ng6 10. Na4 d6 11. f4 Be7 12. g3 Bb7 13. Nb6 Rb8 14. Bd3 O-O 15. Qe2
Na7 16. O-O-O Qc7 17. h4 Rfe8 18. h5 Nf8 19. Rhf1 Nb5 20. f5 Bf6 21. Qg4 e5 (
21... exf5 $1) 22. h6 Nd4 23. Bc4 (23. Bxd4 exd4 24. hxg7 Nd7) 23... Bxe4 $6
24. Qxe4 Rxb6 25. axb6 Qxc4 26. Bxd4 d5 27. Qd3 exd4 28. Qxc4 dxc4 29. Nxd4 Rb8
30. hxg7 Kxg7 31. Nc6 Rxb6 32. Na5 c3 33. b3 Rb5 34. Nc4 h6 35. Rd6 a5 36. g4
h5 37. gxh5 Nh7 38. h6+ Kf8 39. Ra6 Bd8 40. Ra8 Rd5 41. Rd1 1-0

[Event "Mechanics' Mar TNM; 30/90, SD/30"]
[Site "San Francisco"]
[Date "2012.07.31"]
[Round "1.6"]
[White "Lin, Michael"]
[Black "Krienke, Jason"]
[Result "1-0"]
[WhiteElo "2054"]
[BlackElo "1713"]
[PlyCount "77"]
[EventDate "2012.??.??"]

1. e4 e5 2. Nf3 Nc6 3. Bb5 Nf6 4. O-O Bc5 5. c3 a6 6. Bxc6 dxc6 7. Nxe5 Nxe4 8.
d4 Be7 9. Re1 Nf6 10. Bg5 Be6 11. Nd2 O-O 12. Nf1 Nd7 13. Nxd7 Qxd7 14. Bxe7
Qxe7 15. Qh5 Rad8 16. Ne3 Qf6 17. Re2 Rd7 18. a3 b6 19. Rae1 g6 20. Qh6 Qg7 21.
Qf4 h6 22. h3 Rfd8 23. Ng4 Bxg4 24. hxg4 Rd6 25. Re8+ Rxe8 26. Rxe8+ Kh7 27.
Re7 Rf6 28. Qxc7 b5 29. b3 g5 30. Qe5 Qg6 31. Qe4 Rf4 32. Qxg6+ Kxg6 33. f3 a5
34. Kf2 Rf6 35. Ke3 Re6+ 36. Rxe6+ fxe6 37. Ke4 Kf6 38. g3 Kf7 39. Ke5 1-0

[Event "Mechanics' Summer TNM; 30/90, SD/30"]
[Site "San Francisco"]
[Date "2012.06.12"]
[Round "4.8"]
[White "Lin, Michael"]
[Black "Persidsky, Andre"]
[Result "1-0"]
[WhiteElo "2054"]
[BlackElo "1861"]
[PlyCount "61"]
[EventDate "2012.??.??"]

1. e4 d5 2. exd5 Qxd5 3. Nc3 Qa5 4. d4 c6 5. Bc4 Nf6 6. Bd2 Qc7 7. Qe2 Bf5 8.
O-O-O e6 9. Nf3 b5 10. Bb3 h6 11. Ne5 Be7 12. g4 Bh7 13. Nxf7 Kxf7 14. Qxe6+
Ke8 15. Qf7+ Kd8 16. Qxg7 Rf8 17. d5 b4 18. dxc6 Qxc6 19. Bg5+ Nbd7 20. Ba4
Qxh1 21. Rxh1 hxg5 22. Nb5 Rg8 23. Qf7 Rf8 24. Qe6 Bg8 25. Qa6 Bc5 26. Rd1 Ke7
27. Nc7 Rab8 28. Qe2+ Kd8 29. Na6 Rc8 30. Qb5 Bxf2 31. Rxd7+ 1-0

[Event "Mechanics' Summer TNM; 30/90, SD/30"]
[Site "San Francisco"]
[Date "2012.06.05"]
[Round "3.6"]
[White "Lin, Michael"]
[Black "Shnaiderman, Lazar"]
[Result "1/2-1/2"]
[WhiteElo "2054"]
[BlackElo "1889"]
[PlyCount "102"]
[EventDate "2012.??.??"]

1. e4 c5 2. Nf3 g6 3. d4 cxd4 4. Nxd4 Nc6 5. c4 Nf6 6. Nc3 d6 7. Be2 Nxd4 8.
Qxd4 Bg7 9. Be3 O-O 10. Qd2 Be6 11. O-O Qa5 12. f4 Rfc8 13. b3 Ng4 14. Bd4
Bxd4+ 15. Qxd4 Qc5 16. Qxc5 Rxc5 17. Na4 Ra5 18. Bxg4 Bxg4 19. Kf2 Be6 20. Nc3
Rc5 21. Ke3 f5 22. h3 fxe4 23. Nxe4 Rc7 24. g4 Rf8 25. Rad1 Bd7 26. Rd2 b5 27.
cxb5 Bxb5 28. Rff2 Bd7 29. Rc2 Rfc8 30. Rxc7 Rxc7 31. Kd2 Kg7 32. f5 gxf5 33.
gxf5 h6 34. h4 Kf7 35. f6 d5 36. fxe7+ Kxe7 37. Ng3 Bc6 38. Kd3 Ke6 39. Ne2
Bb5+ 40. Kd4 Bxe2 41. Rxe2+ Kd6 42. Re5 Rc2 43. Rxd5+ Kc6 44. Ra5 Kb6 45. Rh5
Rd2+ 46. Ke3 Rxa2 47. Rxh6+ Kb5 48. h5 Ra3 49. Rh8 Rxb3+ {theoretical draw} 50.
Kf4 Rh3 51. h6 a5 1/2-1/2

[Event "Mechanics' Mar TNM; 30/90, SD/30"]
[Site "San Francisco"]
[Date "2012.08.14"]
[Round "3.5"]
[White "Lin, Michael"]
[Black "Todortsev, Victor"]
[Result "1-0"]
[WhiteElo "2054"]
[BlackElo "1950"]
[PlyCount "81"]
[EventDate "2012.??.??"]

1. e4 e5 2. Nf3 Nc6 3. Bb5 a6 4. Ba4 Nf6 5. O-O b5 6. Bb3 Be7 7. Re1 d6 8. c3
Bg4 9. d3 O-O 10. h3 Bh5 11. Nbd2 Na5 12. Bc2 c5 13. Nf1 Nc6 14. Ng3 Bg6 15.
Nh4 d5 16. Qf3 dxe4 17. dxe4 c4 18. Nhf5 Bc5 19. Bg5 Bxf5 20. Nxf5 Be7 21. Rad1
Qc7 22. Bxf6 Bxf6 23. Rd6 Ne7 24. Nh6+ gxh6 25. Qxf6 Ng6 26. Red1 Qe7 27. Qxe7
Nxe7 28. Rd7 Ng6 29. R1d5 Rfe8 30. g3 Re6 31. Rc7 Rf6 32. Kf1 h5 33. h4 Kg7 34.
Bd1 Kh6 35. Rdd7 Re8 36. Ke2 Ree6 37. Rxf7 Rxf7 38. Rxf7 Rd6 39. Ke1 Nh8 40.
Rf5 Ng6 41. Bxh5 1-0

[Event "Mechanics' Winter TNM; 30/90, SD/30"]
[Site "San Francisco"]
[Date "2012.01.10"]
[Round "2.12"]
[White "Liu, Daniel"]
[Black "Curto, Barry"]
[Result "1-0"]
[WhiteElo "2114"]
[BlackElo "1900"]
[PlyCount "85"]
[EventDate "2012.??.??"]

1. e4 c6 2. d4 d5 3. f3 e6 4. Nc3 Nf6 5. Nge2 c5 6. exd5 Nxd5 7. Ne4 c4 8. c3
b5 9. N2g3 f5 10. Nf2 Qc7 11. Qe2 f4 12. Nge4 a6 13. a4 Qb7 14. Nh3 Bd7 15.
Nxf4 Nxf4 16. Bxf4 bxa4 17. Bd6 Qb6 18. Bxf8 Rxf8 19. Nc5 Nc6 20. Nxe6 Kf7 21.
Ng5+ Kg6 22. Ne4 Na5 23. Qc2 Rfe8 24. Be2 Bf5 25. O-O Rab8 26. Rxa4 Qxb2 27.
Qxb2 Rxb2 28. Rxa5 Bxe4 29. Bxc4 Bb7 30. Ra2 Rb6 31. Kf2 h5 32. Re1 Rf8 33.
Re6+ Rf6 34. Rxf6+ Kxf6 35. Ke3 Kg5 36. d5 h4 37. Kd4 h3 38. gxh3 Rf6 39. Be2
Rh6 40. c4 Rxh3 41. c5 Rxh2 42. c6 Bc8 43. d6 1-0

[Event "Mechanics' Winter TNM; 30/90, SD/30"]
[Site "San Francisco"]
[Date "2012.01.31"]
[Round "5.4"]
[White "Liu, Daniel"]
[Black "Delmonico, Nils"]
[Result "1-0"]
[WhiteElo "2114"]
[BlackElo "1900"]
[PlyCount "53"]
[EventDate "2012.??.??"]

1. e4 e6 2. d4 d5 3. Nd2 Be7 4. Bd3 c5 5. dxc5 Nf6 6. Qe2 O-O 7. Ngf3 a5 8. O-O
Na6 9. e5 Nd7 10. c3 Naxc5 11. Bc2 b6 12. Re1 Ba6 13. Qe3 Qc7 14. Nd4 Rfe8 15.
Qh3 Nf8 16. f4 Rac8 17. Re3 f5 18. g4 g6 19. gxf5 exf5 20. Qg2 Ne4 21. Nxf5 Bc5
22. Nxe4 dxe4 23. Nd4 Bxd4 24. Bb3+ Kh8 25. cxd4 Qxc1+ 26. Rxc1 Rxc1+ 27. Kf2
1-0

[Event "Mechanics' Winter TNM; 30/90, SD/30"]
[Site "San Francisco"]
[Date "2012.02.21"]
[Round "8.2"]
[White "Liu, Daniel"]
[Black "Wong, Russell"]
[Result "1/2-1/2"]
[WhiteElo "2114"]
[BlackElo "2200"]
[PlyCount "47"]
[EventDate "2012.??.??"]

1. e4 c6 2. d4 d5 3. f3 e6 4. Nc3 Bb4 5. Nge2 dxe4 6. fxe4 Qh4+ 7. Ng3 Nf6 8.
Qf3 e5 9. dxe5 Ng4 10. h3 Nxe5 11. Qf4 Qxf4 12. Bxf4 Ng6 13. Bd2 O-O 14. O-O-O
Nd7 15. a3 Ba5 16. Nf5 Nde5 17. Nd6 Bc7 18. Be3 b6 19. Nxc8 Raxc8 20. Be2 Rcd8
21. a4 Rxd1+ 22. Rxd1 Rd8 23. Rxd8+ Bxd8 24. a5 1/2-1/2

[Event "?"]
[Site "?"]
[Date "2012.01.10"]
[Round "2"]
[White "Lkhagvatsoght, Noel"]
[Black "Harris, John"]
[Result "1-0"]
[WhiteElo "662"]
[BlackElo "1737"]
[PlyCount "61"]
[EventDate "2012.01.10"]

1. d4 d5 2. c4 dxc4 3. e4 e5 4. Nf3 Bb4+ 5. Nc3 exd4 6. Nxd4 c5 7. Nc2 Bxc3+ 8.
bxc3 Qxd1+ 9. Kxd1 b5 10. a4 Nf6 11. f3 Nbd7 12. axb5 Ne5 13. Be3 Nd3 14. Kd2
O-O 15. Bxd3 Rd8 16. Ne1 cxd3 17. Bxc5 Bb7 18. Nxd3 Bxe4 19. fxe4 Nxe4+ 20. Kc2
Nxc5 21. Nxc5 Rd5 22. Na6 Rc8 23. Rab1 h5 24. Rhd1 Rg5 25. g3 h4 26. gxh4 Rg4
27. Rd7 Rxh4 28. Rxa7 Rxh2+ 29. Kb3 Rh5 30. Ka4 Rxc3 31. b6 1-0

[Event "Mechanics' Winter TNM; 30/90, SD/30"]
[Site "San Francisco"]
[Date "2012.01.31"]
[Round "5.21"]
[White "Lkhagvatsoght, Noel"]
[Black "Nelson, Christopher"]
[Result "0-1"]
[WhiteElo "662"]
[BlackElo "1551"]
[PlyCount "48"]
[EventDate "2012.??.??"]

1. d4 d5 2. c4 e5 3. e3 Nc6 4. Nc3 Bb4 5. Bd2 Nf6 6. Nge2 O-O 7. Ng3 exd4 8.
exd4 Re8+ 9. Be3 Ng4 10. Qd2 Nxe3 11. fxe3 dxc4 12. Bxc4 Qxd4 13. Qxd4 Nxd4 14.
O-O Be6 15. Bxe6 Nxe6 16. Nd5 Bd6 17. Ne4 Bf8 18. Rac1 c6 19. Nb4 Bxb4 20. a3
Bf8 21. g3 Nc7 22. Ng5 f6 23. Nf3 Rxe3 24. Rcd1 Nd5 0-1

[Event "Mechanics' Winter TNM; 30/90, SD/30"]
[Site "San Francisco"]
[Date "2012.02.07"]
[Round "6.27"]
[White "Lkhagvatsoght, Noel"]
[Black "Olson, David"]
[Result "1-0"]
[WhiteElo "662"]
[BlackElo "1404"]
[PlyCount "65"]
[EventDate "2012.??.??"]

1. d4 d5 2. c4 Nf6 3. Nc3 Bf5 4. Nf3 h6 5. Bf4 a6 6. e3 Bg4 7. Rc1 c6 8. Bd3
Nbd7 9. b4 e6 10. a3 a5 11. Qb3 Nh5 12. Bg3 Bxf3 13. gxf3 Qf6 14. f4 dxc4 15.
Bxc4 Qf5 16. h4 Nb6 17. e4 Qf6 18. Rd1 Nxf4 19. e5 Ng2+ 20. Kf1 Ne3+ 21. Ke2 a4
22. Qa2 Qf5 23. Kxe3 O-O-O 24. Be2 Qg6 25. Bf4 f5 26. Rhg1 Qf7 27. h5 Be7 28.
Rg6 Nd7 29. Bc4 Kb8 30. Bxe6 Qe8 31. Bxd7 Qxd7 32. e6+ Bd6 33. exd7 1-0

[Event "Mechanics' Spring TNM; 30/90, SD/30"]
[Site "San Francisco"]
[Date "2012.03.27"]
[Round "3.3"]
[White "Lopez, Jorge"]
[Black "Gaffagan, Steven"]
[Result "0-1"]
[WhiteElo "2182"]
[BlackElo "2024"]
[PlyCount "108"]
[EventDate "2012.??.??"]

1. b3 c5 2. Bb2 Nc6 3. e4 d6 4. Nf3 e6 5. d4 cxd4 6. Nxd4 a6 7. g3 Bd7 8. Bg2
Nf6 9. O-O Qc7 10. c4 Be7 11. Na3 O-O 12. Nac2 Rac8 13. Ne3 Rfd8 14. Qd2 Qb8
15. Rad1 b5 16. Ne2 Be8 17. f4 bxc4 18. bxc4 Qc7 19. Bc3 Nd7 20. Kh1 Nc5 21.
Rc1 Na4 22. Ba1 Qa5 23. Rfd1 Rb8 24. f5 Qxd2 25. Rxd2 Bg5 26. Nf4 e5 27. Nfd5
Nb4 28. Re2 Nxd5 29. exd5 Rdc8 30. Bf1 Bb5 31. Kg2 Nb6 32. cxb5 Rxc1 33. Bb2
Bxe3 34. Bxc1 Bxc1 35. Rc2 Ba3 36. bxa6 Bc5 37. Rb2 Ra8 38. Bb5 Kf8 39. Rd2 Ke7
40. Kf3 Nd7 41. Rb2 Bd4 42. Rb3 Nc5 43. Ra3 Ra7 44. Bc4 Kd8 45. Ra5 Kc7 46. g4
h6 47. Rb5 Nd7 48. Rb3 Nb6 49. Bd3 Nxd5 50. Be4 Nf6 51. Bb7 Nd7 52. Rb1 Nc5 53.
Rc1 Kd7 54. Rb1 Kc7 0-1